000 00272nam a2200097Ia 4500
008 230206s9999 xx 000 0 und d
041 _aeng
100 _aAshok H. Advani (Publisher)
_9119185
245 _aBusiness India
260 _c1998
_bUsha Offset Printers Pvt. Ltd.
_aBombay
999 _c97633
_d97633